000 00847nam a2200241Ia 4500
003 OSt
005 20220923221648.0
006 a|||||r|||| 00| 0
007 ta
008 220922b |||||||| |||| 00| 0 hin d
024 _a199,145
037 _cTextual
040 _aARTS
_cARTS
_bhin
041 _2hin
_ahin
082 _aP1593v, 152L9
100 _aजैतली, कृष्णचन्द्र टोपणलाल
_9156286
245 0 _aसिंधी भाषा का संक्षिप्त परिचय
246 _aSiandhī bhāṣhā kā sankṣpunta parichaya
260 _aपूना
_b मुरलीधर
_c1979
300 _a231पृ.
_ccm.
942 _hP1593v, 152L9
_cTEXL
_2CC
999 _c350924
_d350924